| 000 | 00780nam a2200241 a 4500 | ||
|---|---|---|---|
| 001 | 000019445 | ||
| 005 | 20200929170023.0 | ||
| 008 | 100629s2005 sp a 000 0 spa d | ||
| 020 | _a8497645634 | ||
| 040 |
_aDO-SdBNP _bspa _cBNPHU |
||
| 082 |
_a927.5946 _bD143C |
||
| 100 | 1 |
_aCordero, Fidel _941746 |
|
| 245 | 1 | 0 | _aSalvador Dalí, el enamorado de sí mismo. |
| 260 |
_aMadrid : _bEdimat Libros, _c2005. |
||
| 300 |
_a191 p. : _bil. ; _c24 cm. |
||
| 490 | 1 | _aGrandes biografías | |
| 500 | _aIncluye datos biográficos del autor en la solapa de la cubierta | ||
| 504 | _aIncluye referencias bibliográficas ( p. 189-191) | ||
| 600 | 1 | 4 |
_aDALÍ, SALVADOR, _d1904-1989 _93435 |
| 650 | 4 |
_aPintores españoles _941747 |
|
| 830 | 0 |
_aGrandes biografías _911230 |
|
| 049 | _aBNPD | ||
| 999 |
_c18961 _d18961 |
||